[Event "DEN-ch Rapid (Women)"]
[Site "Middelfart"]
[Date "2012.09.29"]
[Round "1"]
[White "Pedersen, Lene"]
[Black "Greeuw, Sietske"]
[Result "0-1"]
[WhiteElo "1100"]
[BlackElo "1940"]
[PlyCount "54"]
[EventDate "2012.09.29"]
[EventType "swiss (rapid)"]
[EventRounds "6"]
[EventCountry "DEN"]
[SourceTitle "EXT 2023"]
[Source "ChessBase"]
[SourceDate "2022.10.05"]
[SourceVersion "1"]
[SourceVersionDate "2022.10.05"]
[SourceQuality "1"]

1. e4 c5 2. Nf3 Nc6 3. Bd3 g6 4. 0-0 Bg7 5. c3 e6 6. Bb5 Nge7 7. Bxc6 Nxc6 8. Na3 0-0 9. d4 cxd4 10. cxd4 d6 11. d5 exd5 12. exd5 Ne5 13. b4 Nxf3+ 14. gxf3 Bxa1 15. Nc2 Bg7 16. Re1 Bh3 17. f4 Qh4 18. Re3 Rae8 19. Rd3 Bf5 20. Rg3 Bxc2 21. Qxc2 Re1+ 22. Kg2 Qh5 23. f3 Qxd5 24. Bd2 Re2+ 25. Kf1 Rxd2 26. Qc1 Qd3+ 27. Ke1 Qe2# 0-1

[Event "DEN-ch Rapid (Women)"]
[Site "Middelfart"]
[Date "2012.09.29"]
[Round "6"]
[White "Pedersen, Lene"]
[Black "Lund, Henriette"]
[Result "0-1"]
[WhiteElo "1100"]
[BlackElo "1000"]
[PlyCount "89"]
[EventDate "2012.09.29"]
[EventType "swiss (rapid)"]
[EventRounds "6"]
[EventCountry "DEN"]
[SourceTitle "EXT 2023"]
[Source "ChessBase"]
[SourceDate "2022.10.05"]
[SourceVersion "1"]
[SourceVersionDate "2022.10.05"]
[SourceQuality "1"]

1. e4 d6 2. Nf3 Nf6 3. Bd3 g6 4. 0-0 Bg7 5. Nc3 0-0 6. b3 e5 7. Ba3 Nbd7 8. Nd5 b6 9. Bb5 Bb7 10. d3 Ng4 11. h3 Ngf6 12. Nxf6+ Nxf6 13. c4 c6 14. Ba4 c5 15. b4 Rb8 16. bxc5 bxc5 17. Ng5 h6 18. Nf3 Qe7 19. Rb1 Rfd8 20. Nd2 Nh7 21. f4 exf4 22. Rxf4 Bd4+ 23. Kf1 Rf8 24. Rb5 g5 25. Rf2 Bxf2 26. Kxf2 Qf6+ 27. Kg1 a6 28. Rb6 Rfd8 29. Qb1 Qe7 30. g4 Nf6 31. Nf3 Qc7 32. h4 Nd7 33. Rb2 f5 34. gxf5 Rf8 35. hxg5 Ne5 36. Nh4 hxg5 37. Ng2 g4 38. Nf4 Qh7 39. d4 Nf3+ 40. Kg2 Qh2+ 41. Kf1 Qxf4 42. Rxb7 Rxb7 43. Qxb7 Nh2+ 44. Ke2 Qf3+ 45. Kd2 0-1